000 00321nam a22001217a 4500
008 180522b xxu||||| |||| 00| 0 eng d
041 _aeng
080 _a043.3
100 _a0
101 _aMBE-BTH
245 _aMundësitë dhe kufizimet e tërheqjes së investimeve të huaja në Kosovë
_cGjikolli,A
942 _2udc
_cBK
999 _c46188
_d46188